LDR 01481naa#a2200193#i#450# 001 RU\\bibl\122190 005 20260429145948.3 011 ## _a2074-1626 100 ## _a20260416b2026####ek#y0rusy0150####ca 102 ## _aRU 200 1# _aНАСТУПАТЕЛЬНОСТЬ В ПОИСКОВОЙ (РОЗЫСКНОЙ) ДЕЯТЕЛЬНОСТИ ДОЗНАВАТЕЛЯ ГОСУДАРСТВЕННОГО ПОЖАРНОГО НАДЗОРА ФЕДЕРАЛЬНОЙ ПРОТИВОПОЖАРНОЙ СЛУЖБЫ _eЖурнальная статья 210 1# _aСанкт-Петербург _cСанкт-Петербургский университет Государственной противопожарной службы Министерства Российской Федерации по делам гражданской обороны, чрезвычайным ситуациям и ликвидации последствий стихийных бедствий имени Героя Российской Федерации генерала армии Е.Н. Зиничева _d2026 215 ## _a8 с. 608 ## _aЖурнальная статья _2local 675 ## _aУголовное судопроизводство. Уголовно-процессуальное право. 343.1 _z 700 #1 _aБабушкин _gМихаил Юрьевич 700 #1 _aЗорина _gЕлена Андреевна 700 #1 _aВахмистрова _gСветлана Ивановна 856 4# _ajournals.igps.ru _u